| 000 | 01153njm a22002537a 4500 | ||
|---|---|---|---|
| 005 | 20100908135130.0 | ||
| 006 | a|||||r|||||00| 0 | ||
| 007 | sd ammalaaahaa | ||
| 008 | 100907t xxu||||| |||| 00| 0 eng d | ||
| 028 |
_aN 54523 _bHis Master's Voice |
||
| 035 | _aGR-01297 | ||
| 100 |
_aTalat Mahmood _918693 |
||
| 245 |
_aJahan ara / _cby Talat Mahmood; music by Madan Mohan; lyrics by Rajinder Krishen _h[Sound recording] |
||
| 246 | _aजहाँ आरा / तलत महमूद द्वारा | ||
| 260 |
_aDum Dum, India _bHis Master's Voice |
||
| 300 |
_a1 sound disc [Gramophone Recording] _banalog, 33 1/3rpm ; _c9.5 in. (MP) _fGramaphone Records |
||
| 500 | _aBrief record | ||
| 505 | _aSide-1 तेरी आँख के आंसू (Teri aankh ke aansu) (Talat Mahmood) --Side-2 किसी की याद में दुनिया (Kisi ki yaad main duniya) (Mohammad Rafi) | ||
| 650 |
_aClassical music _xExcerpts _zIndia _918694 |
||
| 700 |
_aMadan Mohan _918695 |
||
| 700 |
_aRajinder Krishen _918716 |
||
| 942 |
_2ddc _cGR |
||
| 999 |
_c44501 _d44501 |
||